[Event "North American op 32nd"]
[Site "Las Vegas"]
[Date "2022.12.28"]
[Round "6"]
[White "Truelson, Joseph"]
[Black "Budisavljevic, Luka"]
[Result "1/2-1/2"]
[WhiteElo "2074"]
[BlackElo "2505"]
[PlyCount "85"]
[EventDate "2022.12.26"]
[EventType "swiss"]
[EventRounds "9"]
[EventCountry "USA"]
[SourceTitle "CBM 211 Extra"]
[Source "ChessBase"]
[SourceDate "2023.01.31"]
[SourceVersion "1"]
[SourceVersionDate "2023.01.31"]
[SourceQuality "1"]

1. e4 c5 2. c4 Nc6 3. Nc3 g6 4. Nge2 Bg7 5. d3 d6 6. g3 a6 7. a4 e5 8. Bg2 Nge7 9. 0-0 0-0 10. Rb1 Be6 11. Bd2 Rb8 12. Nd5 f5 13. b4 cxb4 14. exf5 Bxf5 15. Nxe7+ Qxe7 16. Bxb4 Kh8 17. Qd2 Qd7 18. Ba3 Rf6 19. Rb6 Ne7 20. Rfb1 Nc8 21. Rxb7 Rxb7 22. Rxb7 Qxa4 23. Bb2 Qe8 24. Nc3 Rf7 25. Rb8 Rf8 26. Ra8 Qf7 27. Bd5 Be6 28. Bxe6 Qxe6 29. Rxa6 Ne7 30. Ne4 Nf5 31. Ba3 Nd4 32. Ng5 Qf6 33. Bxd6 h6 34. Bxf8 Qxa6 35. Bxg7+ Kxg7 36. Qb4 hxg5 37. Qe7+ Kg8 38. Qe8+ Kh7 39. Qf7+ Kh8 40. Qf8+ Kh7 41. Qf7+ Kh8 42. Qf8+ Kh7 43. Qf7+ 1/2-1/2

[Event "North American op 32nd"]
[Site "Las Vegas"]
[Date "2022.12.27"]
[Round "4"]
[White "Truelson, Joseph"]
[Black "Raja, Harshit"]
[Result "0-1"]
[WhiteElo "2074"]
[BlackElo "2457"]
[PlyCount "69"]
[EventDate "2022.12.26"]
[EventType "swiss"]
[EventRounds "9"]
[EventCountry "USA"]
[SourceTitle "CBM 211 Extra"]
[Source "ChessBase"]
[SourceDate "2023.01.31"]
[SourceVersion "1"]
[SourceVersionDate "2023.01.31"]
[SourceQuality "1"]

1. e4 c5 2. c4 Nc6 3. Nc3 g6 4. g3 a6 5. a4 Bg7 6. Bg2 d6 7. h3 f5 8. Nge2 fxe4 9. Nxe4 Nf6 10. Nxf6+ Bxf6 11. 0-0 Bf5 12. d3 Nb4 13. Ra3 h5 14. Bxb7 Bxh3 15. Re1 e5 16. Bxa8 Qxa8 17. Nf4 Bg4 18. Qb3 Kf7 19. Nd5 Nxd5 20. cxd5 Bf3 21. d4 Bxd5 22. Qb6 Qc8 23. Qa7+ Kg8 24. f3 Qh3 25. Bf4 cxd4 26. Rc1 Bf7 27. Rb3 Kg7 28. Rc7 exf4 29. Rxf7+ Kh6 30. gxf4 Qg3+ 31. Kf1 Qxf4 32. Rxf6 Qxf6 33. Qxa6 Re8 34. Qa5 Qf4 35. Qb4 0-1

[Event "North American-ch U20"]
[Site "Charlotte"]
[Date "2020.12.20"]
[Round "4"]
[White "Truelson, Joseph"]
[Black "Chiu, Isaac"]
[Result "1/2-1/2"]
[WhiteElo "2046"]
[BlackElo "2209"]
[PlyCount "71"]
[EventDate "2020.12.19"]
[EventType "swiss"]
[EventRounds "9"]
[EventCountry "USA"]
[SourceTitle "CBM 199 Extra"]
[Source "ChessBase"]
[SourceDate "2021.01.31"]
[SourceVersion "1"]
[SourceVersionDate "2021.01.31"]
[SourceQuality "1"]

1. Nf3 g6 2. e4 Bg7 3. d4 d6 4. Bd3 Nf6 5. 0-0 0-0 6. h3 Nc6 7. c3 e5 8. dxe5 Nxe5 9. Nxe5 dxe5 10. Bg5 h6 11. Bxf6 Qxf6 12. Na3 Rd8 13. Qe2 c6 14. Rad1 b5 15. Nc2 Bf8 16. a4 a6 17. b4 Be6 18. axb5 axb5 19. Ra1 Qe7 20. Rxa8 Rxa8 21. Ra1 Rxa1+ 22. Nxa1 Qa7 23. Qb2 Be7 24. Nb3 Bxb3 25. Qxb3 Qa1+ 26. Kh2 Qe1 27. Qc2 h5 28. g3 h4 29. g4 Bg5 30. Kg2 Qd2 31. Qxd2 Bxd2 32. c4 bxc4 33. Bxc4 Bxb4 34. Kf3 Bd2 35. Ke2 Bc1 36. Ba6 1/2-1/2

[Event "Titled Tuesday intern op 28th Apr"]
[Site "Chess.com INT"]
[Date "2020.04.28"]
[Round "9"]
[White "Truelson, Joseph"]
[Black "Cagara, Paulina"]
[Result "1-0"]
[WhiteElo "2046"]
[BlackElo "2054"]
[PlyCount "63"]
[EventDate "2020.04.28"]
[EventType "swiss (blitz)"]
[EventRounds "10"]
[EventCountry "USA"]
[SourceTitle "EXT 2021"]
[Source "ChessBase"]
[SourceDate "2020.10.23"]
[SourceVersion "1"]
[SourceVersionDate "2020.10.23"]
[SourceQuality "1"]

1. c4 f5 2. d4 Nf6 3. Nc3 g6 4. h4 h5 5. Bg5 Bg7 6. Qc2 d6 7. 0-0-0 c6 8. e4 0-0 9. e5 Nh7 10. Bf4 Qc7 11. exd6 exd6 12. c5 Rd8 13. Bxd6 Rxd6 14. cxd6 Qxd6 15. Bc4+ Kh8 16. Nf3 b5 17. Bf7 Nd7 18. d5 c5 19. Nxb5 Qf4+ 20. Qd2 Qa4 21. Nc3 Qg4 22. Rhe1 Ba6 23. Re8+ Rxe8 24. Bxe8 Ndf6 25. Bf7 Nf8 26. Ne5 Qxh4 27. Nxg6+ Nxg6 28. Bxg6 Ng4 29. Kb1 Bc8 30. Re1 Bd7 31. Qf4 Qxf2 32. Qb8+ 1-0

[Event "Titled Tuesday intern op 4th June"]
[Site "Chess.com INT"]
[Date "2019.06.04"]
[Round "1"]
[White "Weetik, Vjacheslav"]
[Black "Truelson, Joseph"]
[Result "1/2-1/2"]
[WhiteElo "2423"]
[BlackElo "2099"]
[PlyCount "125"]
[EventDate "2019.06.04"]
[EventType "swiss (blitz)"]
[EventRounds "10"]
[EventCountry "USA"]
[SourceTitle "EXT 2021"]
[Source "ChessBase"]
[SourceDate "2020.10.23"]
[SourceVersion "1"]
[SourceVersionDate "2020.10.23"]
[SourceQuality "1"]

1. d4 d6 2. e4 Nf6 3. Nc3 e5 4. Nge2 Be7 5. h3 0-0 6. g4 exd4 7. Nxd4 Nc6 8. Bg2 Re8 9. 0-0 Nxd4 10. Qxd4 c6 11. Bf4 Qb6 12. Qxb6 axb6 13. Rad1 Rd8 14. a4 Be6 15. b3 Rd7 16. Rd3 d5 17. exd5 Nxd5 18. Nxd5 cxd5 19. Rfd1 Rad8 20. Be5 f6 21. Bd4 Bc5 22. c3 Kf7 23. f4 f5 24. g5 g6 25. Kf2 Kg8 26. h4 Kf7 27. Bf3 Rc8 28. Bxc5 Rxc5 29. c4 Ke7 30. cxd5 Bf7 31. d6+ Kd8 32. Ke3 Rc2 33. R1d2 Rc1 34. Rd1 Rc2 35. Rh1 Rb2 36. h5 Rxb3 37. hxg6 Rxd3+ 38. Kxd3 Rxd6+ 39. Kc3 Bxg6 40. Bxb7 Kc7 41. Ba6 Re6 42. Bd3 Re3 43. Kd4 Rf3 44. Rh4 Kd6 45. Bc4 Ra3 46. Bb5 Ra1 47. Kc4 Rc1+ 48. Kd4 Rd1+ 49. Kc3 Kc5 50. Rh2 Rd4 51. Rf2 Re4 52. Kb3 Re3+ 53. Kb2 Bf7 54. Rd2 Re4 55. Rd7 Bg6 56. Rc7+ Kb4 57. Rc6 Ka5 58. Rc7 Rxf4 59. Kc3 Rf3+ 60. Kc4 Rf4+ 61. Kc3 Rf3+ 62. Kc4 Rf4+ 63. Kc3 1/2-1/2

[Event "USA-ch High School K12"]
[Site "Schaumburg"]
[Date "2019.03.16"]
[Round "5"]
[White "Sinha, Sahil"]
[Black "Truelson, Joseph"]
[Result "1-0"]
[WhiteElo "2265"]
[BlackElo "2087"]
[PlyCount "61"]
[EventDate "2019.03.15"]
[EventType "swiss"]
[EventRounds "7"]
[EventCountry "USA"]
[SourceTitle "CBM 189 Extra"]
[Source "ChessBase"]
[SourceDate "2019.06.03"]
[SourceVersion "1"]
[SourceVersionDate "2019.06.03"]
[SourceQuality "1"]

1. d4 d6 2. Nf3 f5 3. c4 Nf6 4. Nc3 g6 5. g3 Bg7 6. Bg2 0-0 7. 0-0 Nc6 8. d5 Ne5 9. Nxe5 dxe5 10. e4 f4 11. f3 e6 12. Qb3 Kh8 13. Bd2 c6 14. Rad1 exd5 15. exd5 b5 16. cxb5 Qb6+ 17. Kh1 Nxd5 18. bxc6 Qxb3 19. axb3 Nb4 20. c7 Ba6 21. Ne4 Nd5 22. Ba5 Ne3 23. Rg1 fxg3 24. hxg3 Nxg2 25. Rxg2 Bb7 26. Rd8 Bh6 27. Nd6 Ba6 28. Rc2 Bc8 29. Rxf8+ Bxf8 30. Nxc8 Rxc8 31. Rd2 1-0

[Event "Washington State-ch"]
[Site "Redmond"]
[Date "2019.02.16"]
[Round "2"]
[White "Sang, Tian"]
[Black "Truelson, Joseph"]
[Result "0-1"]
[WhiteElo "2316"]
[BlackElo "2087"]
[PlyCount "140"]
[EventDate "2019.02.16"]
[EventType "tourn"]
[EventRounds "9"]
[EventCountry "USA"]
[SourceTitle "EXT 2023"]
[Source "ChessBase"]
[SourceDate "2022.10.05"]
[SourceVersion "1"]
[SourceVersionDate "2022.10.05"]
[SourceQuality "1"]

1. e4 e5 2. f4 exf4 3. Bc4 Qh4+ 4. Kf1 d6 5. d4 Be6 6. Bd3 Ne7 7. Qf3 Ng6 8. Nc3 Bg4 9. Qf2 Qxf2+ 10. Kxf2 Nc6 11. Nd5 0-0-0 12. c3 Be7 13. Nf3 Rhf8 14. Bxf4 f5 15. Nxe7+ Ncxe7 16. Bg5 h6 17. Bxe7 Nxe7 18. Rhe1 Bxf3 19. gxf3 Kd7 20. e5 d5 21. a4 Ke6 22. b4 Rc8 23. Rec1 c6 24. Rab1 Rb8 25. c4 Rfc8 26. Rc2 Kd7 27. b5 g6 28. Rbc1 Ra8 29. h4 Rab8 30. a5 cxb5 31. cxd5 Rxc2+ 32. Rxc2 Nxd5 33. Bxb5+ Ke6 34. Rc5 Nf4 35. Rc7 Kd5 36. Ke3 Ng2+ 37. Kd3 Ne1+ 38. Ke3 Ng2+ 39. Kd3 Ne1+ 40. Kc3 Nxf3 41. Rc5+ Ke6 42. Bc4+ Ke7 43. Rc7+ Kd8 44. Rh7 Rc8 45. Rh8+ Kc7 46. Rxh6 Rd8 47. Rh7+ Rd7 48. Rh6 Rxd4 49. e6 Rxh4 50. e7 Kd7 51. Bb5+ Kxe7 52. Rxg6 Rg4 53. Rh6 Ng5 54. Rh8 Ne4+ 55. Kc2 Nd6 56. Rh7+ Ke6 57. Bd3 a6 58. Kb3 Kd5 59. Rh5 Rf4 60. Kc3 Rf3 61. Kd2 Kd4 62. Be2 Ne4+ 63. Ke1 Re3 64. Rh4 Ke5 65. Rh7 f4 66. Rxb7 f3 67. Re7+ Kd4 68. Rd7+ Kc5 69. Rd3 Rxe2+ 70. Kf1 Ng3+ 0-1

[Event "Washington State-chB"]
[Site "Redmond"]
[Date "2017.02.12"]
[Round "3"]
[White "Schill, William"]
[Black "Truelson, Joseph"]
[Result "1/2-1/2"]
[WhiteElo "2120"]
[BlackElo "1743"]
[PlyCount "91"]
[EventDate "2017.02.11"]
[EventType "tourn"]
[EventRounds "9"]
[EventCountry "USA"]
[SourceTitle "EXT 2023"]
[Source "ChessBase"]
[SourceDate "2022.10.05"]
[SourceVersion "1"]
[SourceVersionDate "2022.10.05"]
[SourceQuality "1"]

1. e4 e5 2. Nf3 Nf6 3. Nxe5 d6 4. Nf3 Nxe4 5. d4 d5 6. Bd3 Nc6 7. 0-0 Be7 8. h3 0-0 9. a3 Bf5 10. Re1 Bg6 11. c4 Bf6 12. cxd5 Qxd5 13. Nc3 Nxc3 14. bxc3 Na5 15. Bxg6 fxg6 16. Be3 c5 17. dxc5 Qxd1 18. Rexd1 Bxc3 19. Rac1 Bb2 20. Rb1 Nc4 21. Bc1 Bxa3 22. Rxb7 Bxc1 23. Rxc1 Na5 24. Rd7 Nc6 25. Rb1 Rf7 26. Rd6 Rf6 27. Rb7 Rxd6 28. cxd6 Rd8 29. d7 Kf7 30. Rc7 Nb8 31. Rxa7 Ke7 32. Ne5 Ke6 33. f4 Nxd7 34. Ra6+ Kf5 35. Nf7 Rf8 36. Ng5 Rb8 37. g3 h6 38. Ra5+ Kf6 39. Ne4+ Ke6 40. h4 Nf6 41. Ra6+ Kf5 42. Nf2 Rb1+ 43. Kg2 Rb2 44. Ra3 Ke6 45. Ra6+ Kf5 46. Ra5+ 1/2-1/2

[Event "Washington State-chB"]
[Site "Redmond"]
[Date "2017.02.11"]
[Round "2"]
[White "Truelson, Joseph"]
[Black "Irgaliyev, Alikhan"]
[Result "0-1"]
[WhiteElo "1743"]
[BlackElo "2180"]
[PlyCount "68"]
[EventDate "2017.02.11"]
[EventType "tourn"]
[EventRounds "9"]
[EventCountry "USA"]
[SourceTitle "EXT 2023"]
[Source "ChessBase"]
[SourceDate "2022.10.05"]
[SourceVersion "1"]
[SourceVersionDate "2022.10.05"]
[SourceQuality "1"]

1. e4 d5 2. exd5 Qxd5 3. Nc3 Qd6 4. d4 c6 5. Nge2 Nf6 6. Bf4 Qb4 7. Rb1 Bg4 8. h3 Bh5 9. g4 Bg6 10. Bg2 Nbd7 11. a3 Qb6 12. b4 e6 13. b5 c5 14. 0-0 Rd8 15. Qe1 Bxc2 16. Rb2 cxd4 17. Nxd4 Qxd4 18. Bc7 Rc8 19. Rxc2 Rxc7 20. b6 Qxb6 21. g5 Bxa3 22. gxf6 Nxf6 23. Na4 Qd6 24. Rxc7 Qxc7 25. Qe3 Qe7 26. Qxa7 0-0 27. Bxb7 Nd5 28. Ra1 Qg5+ 29. Kh2 Qf4+ 30. Kg2 Bd6 31. Rh1 Qe4+ 32. Kg1 Qg6+ 33. Kf1 Qb1+ 34. Kg2 Nf4+ 0-1